Additional clerk in office of Assistant Treasurer at Cincinnati, Ohio. Letter from the Acting Secretary of the Treasury, transmitting a communication from the Treasurer of the United States relative to the necessity of providing an additional clerk in the office of the Assistant Treasurer at Cincinnati, Ohio.

Bibliographic Details
Corporate Authors: United States. Congress. House. Committee on Appropriations, ProQuest (Firm)
Format: eBook
Language:English
Published: Washington : [publisher not identified], 1894.
Series:United States congressional serial set.
Subjects:
Online Access:Connect to the full text of this electronic book

MARC

Tag First Indicator Second Indicator Subfields
LEADER 00000cam a22000001a 4500
001 in00002945461
005 20190401192928.0
006 m o d
007 cr un mmmapmmp
008 070203s1894 dcud o f000 0 eng d
035 |a cis2004101234 
040 |a UMI  |c UMI  |d UtOrBLW 
043 |a n-us--- 
099 |a ProQuest Serial Set Number 3226 H.exdoc.226 
110 1 |a United States.  |b Congress.  |b House.  |b Committee on Appropriations. 
245 1 0 |a Additional clerk in office of Assistant Treasurer at Cincinnati, Ohio. Letter from the Acting Secretary of the Treasury, transmitting a communication from the Treasurer of the United States relative to the necessity of providing an additional clerk in the office of the Assistant Treasurer at Cincinnati, Ohio. 
246 1 |a Estimate for additional clerk in office of assistant treasurer of United States at Cincinnati, Ohio 
264 1 |a Washington :  |b [publisher not identified],  |c 1894. 
300 |a 1 online resource. 
336 |a text  |b txt  |2 rdacontent 
337 |a computer  |b c  |2 rdamedia 
338 |a online resource  |b cr  |2 rdacarrier 
490 0 |a H.exdoc.226 
500 |a Record is based on bibliographic data in ProQuest U.S. Serial Set Digital Collection (last viewed Feb. 2007). Reuse except for individual research requires license from ProQuest, LLC. 
510 3 |a ProQuest U.S. Serial Set Digital Collection 
500 |a Electronic resource. 
610 1 0 |a United States.  |b Department of the Treasury. 
650 0 |a Budget  |z United States. 
650 0 |a Clerks. 
655 7 |a Electronic books.  |2 local 
710 2 |a ProQuest (Firm) 
830 0 |a United States congressional serial set. 
856 4 0 |u http://proxy.library.tamu.edu/login?url=http://congressional.proquest.com/congcomp/getdoc?SERIAL-SET-ID=3226+H.exdoc.226  |z Connect to the full text of this electronic book  |t 0 
999 |a MARS 
999 f f |s 1f15bde6-10e2-3a2a-90cb-fd4755f019cf  |i 2074b358-5965-37d5-8fba-e5ac62b186b0  |t 0 
952 f f |a Texas A&M University  |b College Station  |c Electronic Resources  |d Available Online  |t 0  |e ProQuest Serial Set Number 3226 H.exdoc.226  |h Other scheme 
998 f f |a ProQuest Serial Set Number 3226 H.exdoc.226  |t 0  |l Available Online